| 000 | 00545nam a2200193Ia 4500 | ||
|---|---|---|---|
| 999 |
_c184 _d184 |
||
| 003 | OSt | ||
| 005 | 20210129023839.0 | ||
| 008 | 151015s9999 xx 000 0 und d | ||
| 020 | _a9780071106795 | ||
| 040 |
_aMMU _beng _cMMU _dMMU |
||
| 050 | _aKF 6272 .P75 2007 | ||
| 100 | _aJones M.Sally | ||
| 245 |
_aPrinciples of Taxation : _b for Business and Investment planning / _cSally M.Jones. |
||
| 260 |
_aBoston: _b MCGraw-HII , _c2007 . |
||
| 300 | _a545 p. : | ||
| 500 | _aIncludes index | ||
| 650 |
_aTaxation _9408 |
||
| 942 |
_2lcc _cLOAN LOAN |
||